The kingdom of God. (Record no. 5058)

000 -LEADER
fixed length control field 00556nam a2200181 a 4500
001 - CONTROL NUMBER
control field :::00002799$&:&@@
003 - CONTROL NUMBER IDENTIFIER
control field OkBaRHE
005 - DATE AND TIME OF LATEST TRANSACTION
control field 20000607103257.0
008 - FIXED-LENGTH DATA ELEMENTS--GENERAL INFORMATION
fixed length control field s1890 j 000 0 eng u
040 ## - CATALOGING SOURCE
Transcribing agency
100 1# - MAIN ENTRY--PERSONAL NAME
Personal name Bruce, Alexander Balmain, 1831-1899.
245 14 - TITLE STATEMENT
Title The kingdom of God.
260 ## - PUBLICATION, DISTRIBUTION, ETC. (IMPRINT)
Place of publication, distribution, etc Edinburgh, UK:ST., :
Name of publisher, distributor, etc T. and T. Clark
Date of publication, distribution, etc c1890
300 ## - PHYSICAL DESCRIPTION
Extent 344 p. ;
Dimensions : 21 cm.
650 ## - SUBJECT ADDED ENTRY--TOPICAL TERM
Topical term or geographic name as entry element Jesus Christ Teachings
942 ## - ADDED ENTRY ELEMENTS (KOHA)
Source of classification or shelving scheme
Koha item type Books
Copies
Full call number Source of classification or shelving scheme Damaged status Date acquired Date last seen Price effective from Withdrawn status Not for loan Shelving location Koha item type Lost status Copy number Barcode Permanent Location
BS 2417 .K5B7  2010-04-142018-03-162010-04-14  General StacksBooks 12799RHEMA Bible Training College